|
|
|
|
| LEADER |
00000cam a2200000 a 4500 |
| 001 |
vtls001379702 |
| 003 |
SK-MaSNL |
| 005 |
20260301161344.0 |
| 008 |
240509s1999 xo dl frnp 000 0 slo |
| 015 |
|
|
|a SNBA1999
|
| 020 |
|
|
|a 8022511846
|q (brožované)
|
| 035 |
|
|
|a SNK000333679
|
| 040 |
|
|
|a SNK
|b slo
|c SNK
|e AACR2
|
| 041 |
0 |
|
|a slo
|
| 044 |
|
|
|a xo
|c SK
|
| 072 |
|
7 |
|a 331
|x Práca
|2 konspekt
|
| 072 |
|
7 |
|a 37.016
|x Učebné osnovy. Vyučovacie predmety. Učebnice
|2 konspekt
|
| 080 |
|
|
|a 331.5(075.8)
|2 1997
|
| 080 |
|
|
|a 331.526
|2 2011
|
| 080 |
|
|
|a 331.5
|2 2011
|
| 080 |
|
|
|a 331.5.024.5
|2 2011
|
| 080 |
|
|
|a (075.8)
|2 2011
|
| 100 |
1 |
|
|a Rievajová, Eva,
|d 1951-
|4 aut
|9 216101
|
| 245 |
1 |
0 |
|a Teória a politika zamestnanosti
|c Eva Rievajová, Vojtech Stanek, Iveta Dudová
|
| 250 |
|
|
|a 1. vyd.
|
| 260 |
|
|
|a Bratislava
|b Ekonóm
|c 1999
|
| 300 |
|
|
|a 185 strán, 12 nečíslovaných strán obrazových príloh
|b grafy, schémy, tabuľky
|c 20 cm
|
| 366 |
|
|
|e 300 výtl.
|
| 504 |
|
|
|a Obsahuje bibliografiu a bibliografické odkazy
|
| 650 |
0 |
7 |
|a zamestnanosť
|2 SNKPH
|9 2209
|
| 650 |
0 |
7 |
|a politika zamestnanosti
|2 SNKPH
|9 2332
|
| 650 |
0 |
7 |
|a trh práce
|2 SNKPH
|9 2371
|
| 655 |
|
7 |
|a učebnice vysokých škôl
|2 SNKPH
|9 70191
|
| 700 |
1 |
|
|a Stanek, Vojtech,
|d 1943-
|4 aut
|9 92712
|
| 700 |
1 |
|
|a Dudová, Iveta
|4 aut
|9 8739
|
| 710 |
2 |
|
|a Ekonomická univerzita v Bratislave.
|b Národohospodárska fakulta
|4 pbl
|9 177166
|
| 919 |
|
|
|a 80-225-1184-6
|
| 954 |
|
|
|a odborná, vedecká literatúra pôvodná (slovenská)
|2 lita
|
| 958 |
|
|
|a EUIPO
|
| 958 |
|
|
|a NB
|
| 958 |
|
|
|a OND
|
| 999 |
|
|
|c 809097
|d 811027
|
| 952 |
|
|
|a SNK
|b SNK
|y PREZ
|7 0
|p 17A0222682
|o snkSC 100399
|i snkK 1272/99
|8 3
|0 0
|1 0
|4 0
|d 1999-12-20
|f 1
|l 0
|r 2025-09-19 00:00:00
|w 2026-02-24
|
| 952 |
|
|
|a SNK
|b SNK
|y VYP
|7 0
|p 17A0230379
|o snkSC 100399 D1
|i snkKSP 2543/2000
|8 0
|0 0
|1 0
|4 0
|d 2000-03-02
|l 0
|r 2005-01-02 00:00:00
|w 2026-02-24
|
| 952 |
|
|
|a SNK
|b SNK
|y VYP
|7 0
|p 17A0230380
|o snkSC 100399 D2
|i snkKSP 2544/2000
|8 0
|0 0
|1 0
|4 0
|d 2000-03-02
|l 0
|r 2005-01-02 00:00:00
|w 2026-02-24
|